| 000 | 00395nam a22001457a 4500 | ||
|---|---|---|---|
| 005 | 20200622142629.0 | ||
| 008 | 200622b xxu||||| |||| 00| 0 eng d | ||
| 082 | _a345.4 AIR -L | ||
| 110 |
_aALL INDIA REPORTER _96275 |
||
| 245 | _aTHE LABOUR AND INDISTRIAL CACE [1992] P-1 V-25 | ||
| 260 |
_aMUMBAI _bALL INDIA REPORTER Pvt.Ltd. _c1992 |
||
| 300 | _a1264p. | ||
| 650 |
_aLAW _95701 |
||
| 942 | _cJRL | ||
| 999 |
_c7391 _d7389 |
||